Missing Word: 'C' History Figures Quiz Stats

 Plays Quiz Updated Oct 31, 2014

Challenge
Share
Tweet
Embed
Score 0/30 Timer 04:00
6 Plays Today
Hint Answer % Correct
Winston ____ - UK Prime MinisterChurchill
96.4%
Fidel ____ - Cuban dictatorCastro
96.2%
Julius ____ - Roman general and statesmanCaesar
95.2%
Marie ____ - Nobel winning scientistCurie
92.1%
____ Monet - impressionist painterClaude
88.7%
____ Guevara - Argentine Marxist revolutionaryChe
87.8%
Calvin ____ - US PresidentCoolidge
83.5%
____ VII - Queen of EgyptCleopatra
83.2%
____ the Great - Russian EmpressCatherine
80.2%
Neville ____ - UK Prime MinisterChamberlain
73.9%
Jacques ____ - oceanographerCousteau
70.3%
____ Taylor - Liberian dictatorCharles
66%
César ____ - labor rights activistChávez
63.8%
____ Horse - Lakota war leaderCrazy
60.4%
Albert ____ - absurdist authorCamus
49.7%
Hint Answer % Correct
____ Kai-shek - ROC leaderChiang
48.5%
____ Aquino - President of the PhilippinesCorazon
46.1%
Michael ____ - Irish revolutionary leaderCollins
42.6%
Marc ____ - expressionist painterChagall
39%
Enrico ____ - Italian operatic tenorCaruso
35%
Marcus Tullius ____ - Roman philosopher and oratorCicero
22.6%
Park ____-hee - South Korean dictatorChung
18.1%
____ Borgia - Italian Renaissance noblemanCesare
15.3%
____ the Great - King of Denmark, England, and NorwayCnut
14.4%
____ Lun - developer of paper makingCai
13.2%
Marcus Licinius ____ - First Triumvirate memberCrassus
10.1%
____ the Great - Achaemenid Empire founderCyrus
7.5%
Huayna ____ - Inca emperorCapac
5.9%
____ I - Merovingian dynasty founderClovis
5.3%
____ Maurya - Mauryan Empire founderChandragupta
4.8%

Today's Daily Dose

You're not logged in!

Compare scores with friends on all Sporcle quizzes.
OR
Log In

You Might Also Like...

Show Comments

Extras

Top Quizzes Today


Score Distribution

Your Account Isn't Verified!

In order to create a playlist on Sporcle, you need to verify the email address you used during registration. Go to your Sporcle Settings to finish the process.

Report this User

Report this user for behavior that violates our Community Guidelines.

Details: